| 000 | 00000nam 2200000za 4500 |
| 001 | 9.644762 |
| 003 | CaOODSP |
| 005 | 20200331060408 |
| 007 | ta |
| 008 | 150407t19921993onc # f000 0 eng d |
| 020 | |a0-662-20653-3 |
| 040 | |aCaOODSP|beng |
| 043 | |an-cn---|an-us---|an-mx--- |
| 086 | 1 |aE74-53/2-1993E |
| 245 | 00|aNorth American Free Trade Agreement between the Government of Canada, the Government of the United Mexican States and the Government of the United States of America. |
| 260 | |a[Ottawa?] : |bGovernment of Canada, |c1992, c1993. |
| 300 | |a920 p. in various pagings ; |c28 cm. |
| 500 | |aTitle from cover. |
| 500 | |a"December 17, 1992 text, incorporating errata table"--T.p. verso. |
| 500 | |a"Parliamentary committee working version"--T.p. verso. |
| 500 | |aIssued also in French under title: Accord de libre-échange nord-américain entre le gouvernement du Canada, le gouvernement des États-Unis d'Amérique et le gouvernement des États-Unis du Mexique. |
| 500 | |aThis publication is a revised edition of the legal text that was listed on Weekly Checklist 1992 No. 52, December 24, 1992 (Cat No. E74-53/2-1992E, ISBN 0-660-14827-7) and incorporates the Errata listed on Weekly Checklist 1993 No. 20, May 21, 1993 (Cat. No. E74-53/2-1992-1E, ISBN 0-662-20723-8). |
| 520 | |a"The Government of Canada, the Government of the United Mexican States and the Government of the United States of America, resolved to: ... establish clear and mutually advantageous rules governing their trade ..."--Preamble. |
| 563 | |aSoftcover |
| 692 | 07|2gccst|aFree trade agreements |
| 710 | 1 |aCanada.|bExternal Affairs and International Trade. |bInternational Trade Development. |
| 775 | 08|tAccord de libre-échange nord-américain entre le gouvernement du Canada, le gouvernement des États-Unis d'Amérique et le gouvernement des États-Unis du Mexique |w(CaOODSP)9.678569 |
| 776 | 0#|tNorth American Free Trade Agreement between the Government of Canada, the Government of the United Mexican States and the Government of the United States of America |w(CaOODSP)9.843796 |